00389nam a22001337a 4500008004100000040005500041080001200096100002100108245003000129260004900159300001600208650001500224653001600239230322b |||||||| |||| 00| 0 eng d aNational Science LibrarycNational Science Library a658bN3 aGalbraith, Jay R aOrganizing for the future aCalifornia: bJossey Bass Publishers, c1993 axvii, 312p. aManagement aInformation